|
|
|
|
| LEADER |
00763nab a2200205 i 4500 |
| 001 |
acta19361 |
| 005 |
20251104153159.0 |
| 008 |
161015s1943 hu o 000 hun d |
| 040 |
|
|
|a SZTE Egyetemi Kiadványok Repozitórium
|b hun
|
| 041 |
|
|
|a hun
|
| 100 |
1 |
|
|a Tóth László
|
| 245 |
1 |
0 |
|a Hóman Bálint
|h [elektronikus dokumentum] :
|b Történettudomány és politika /
|c Tóth László
|
| 260 |
|
|
|c 1943
|
| 300 |
|
|
|a 567-568
|
| 490 |
0 |
|
|a Délvidéki szemle
|v 2
|
| 650 |
|
4 |
|a Bölcsészettudományok
|
| 650 |
|
4 |
|a Történettudomány és régészet
|
| 695 |
|
|
|a Történettudomány - könyvismertetés, Politikatudomány - könyvismertetés
|
| 700 |
0 |
1 |
|a Hóman Bálint
|
| 856 |
4 |
0 |
|u http://acta.bibl.u-szeged.hu/19361/1/delvideki_szemle_002_567-568.pdf
|z Dokumentum-elérés
|